000 00459nam a2200157 a 4500
005 20140414093850.0
008 020124s19uu xx 00 eng d
050 _aCT
_bCON 1994
245 _aConversational English for Korean speakers.
260 _aNew York :
_bCrown Publishers,
_c1994.
500 _afour 60 - minute cassettes with English transcripts
650 _aLanguage--Korean
650 _aLanguage--English
942 _cAVM
999 _c109830
_d109830